South Eastern Kenya University

Library Online Public Access Catalogue


The economics of macro issues / (Record no. 7734)

MARC details
000 -LEADER
fixed length control field 00538cam a2200181 a 4500
020 ## - INTERNATIONAL STANDARD BOOK NUMBER
International Standard Book Number 9780321594549
020 ## - INTERNATIONAL STANDARD BOOK NUMBER
International Standard Book Number 0321594541
050 00 - LIBRARY OF CONGRESS CALL NUMBER
Classification number HB172.5
Item number .M53 2010
100 1# - MAIN ENTRY--PERSONAL NAME
Personal name Miller, Roger LeRoy.
245 14 - TITLE STATEMENT
Title The economics of macro issues /
Statement of responsibility, etc. Roger LeRoy Miller, Daniel K. Benjamin.
250 ## - EDITION STATEMENT
Edition statement 4th ed.
260 ## - PUBLICATION, DISTRIBUTION, ETC. (IMPRINT)
Place of publication, distribution, etc. New York [USA] :
Name of publisher, distributor, etc. Addison-Wesley,
Date of publication, distribution, etc. c2010.
300 ## - PHYSICAL DESCRIPTION
Extent xiii, 207 p. :
500 ## - GENERAL NOTE
General note Includes bibliographic references and index.
650 ## - SUBJECT ADDED ENTRY--TOPICAL TERM
General subdivision Macroeconomics.
700 1# - ADDED ENTRY--PERSONAL NAME
Personal name Benjamin, Daniel K.
942 ## - ADDED ENTRY ELEMENTS (KOHA)
Source of classification or shelving scheme Library of Congress Classification
Koha item type General circulation

No items available.

Kitui, Kenya.
+254736116989
library@seku.ac.ke